| 000 | 00514nam a22002057a 4500 | ||
|---|---|---|---|
| 003 | CEu | ||
| 005 | 20140310183102.0 | ||
| 008 | 130302t xxu||||| |||| 00| 0 eng d | ||
| 020 | _a9789710455454 | ||
| 050 |
_aQA 154 _b.Or66 2011 |
||
| 082 |
_aFIL 512 _bO66 2011 |
||
| 245 |
_aCollege algebra _cOredina, Nora |
||
| 260 |
_aManila _bMindshapers _cc2011 |
||
| 300 |
_a161 p. _c22.8 cm. |
||
| 521 | _acollege students | ||
| 526 | _c1210L-1700L | ||
| 541 | _j1 | ||
| 562 | _e1 | ||
| 942 |
_2lcc _cBK _kFIL |
||
| 999 |
_c18741 _d18741 |
||